| 000 | 00809nam a2200193Ia 4500 | ||
|---|---|---|---|
| 999 |
_c41496 _d41496 |
||
| 001 | 8163 | ||
| 003 | GE_BSU | ||
| 005 | 20240329171814.0 | ||
| 008 | 181216s2013||||ge |||||||||||||| ||geo|| | ||
| 040 | _cGE_BSU | ||
| 041 | _ageo | ||
| 080 | _a78(479.223) ბ–17 | ||
| 100 |
_aაროშიძე, ლია _921639 |
||
| 245 |
_aბათუმი...მუსიკალური ეპიზოდები=Batumi...Musical episodes / _cლია აროშიძე ; იდეის ავტორი გიორგი მიქელაძე. |
||
| 264 |
_aბათუმი : _bშპს პრინტ ოფისი, _c2013. |
||
| 300 |
_a83 გვ. : _bილ. ; _c22 სმ. |
||
| 653 | _aბათუმი...მუსიკალური ეპიზოდები | ||
| 942 |
_cBK _2udc |
||